000 00576nam a22002177a 4500
003 UA-OsUOA
001 70044
007 ta
008 20100714b un ||||| |||| 00| 0 ukr d
100 _aЗвєряков М.
090 _a330(477)
_bЗ-43
942 _cSA
040 _aUA-OsUOA
_bukr
_cUA-OsUOA
_dUA-OsUOA
245 _aЛіберальна ідея і модернізація економіки України
300 _aС.11-22
955 _a0
041 _aukr
080 _a330(477)
773 0 _w70043
650 7 _a330 Економіка взагалі
_2UDC
999 _c356259
_d356259